000 01943cam a22004694i 4500
003 PE-LiUPU
005 20250731165410.0
008 151021s1999 pe a grm 000 0 spa d
035 _a(Sirsi) a155016
040 _aPE-LiUPU
_bspa
_cPE-LiUPU
_erda
099 _aTEF 2
_bM63 1999
100 1 _aMiranda Zárate, Judith
_eautor
245 1 _aFactores socioeconómicos y culturales que se relacionan con la aplicación de métodos anticonceptivos en mujeres en edad fértil de 15-45 años del Hospital de Apoyo "José Agurto Tello" de Chosica- Abril 1999 /
_cJudith Miranda Zárate.
264 0 _c1999.
300 _a128 hojas
_c30 cm
336 _atext
_2rdacontent
337 _aunmediated
_2rdamedia
338 _avolume
_2rdacarrier
502 _aTesis
_b(Lic.) --
_cUniversidad Peruana Unión,
_d1999.
504 _aIncluye referencias
520 3 _aEste estudio tiene por objetivo determinar la relación que existe entre los factores socioeconómicos, culturales y la aplicación de los métodos anticonceptivos en mujeres de 15 a 45 años de edad, en el Hospital de Apoyo "José Agurto Tello" de Chosica, en el periodo de Abril 1999, Lima-Perú. La investigación realizada es de tipo descriptivo-transversal. La muestra estuvo conformada por 188 mujeres en edades comprendidas como fértil.
526 _aSEG44
526 _aSEG26
526 _aP151
526 _aP150
526 _aP149
526 _aP146
526 _aP145
526 _aP126
526 _aP125
526 _aP92
526 _aP75
526 _aP74
526 _aP27
526 _aP15
650 0 4 _aMujeres
_xAnticoncepción.
650 0 4 _aAnticoncepción
_xAspectos sociales.
700 1 _aPillaca Tineo, Norma Sonia
_eautor
596 _a1
942 _2ddc
_cTESIS
999 _aTEF 2 M63 1999
_wALPHANUM
_c7707
_iT00317
_lCCODEBUL3
_mBUL
_r1
_sY
_tTESIS
_u2015-10-21
_xSALUD
_PP22
_o.STAFF. Tesis
_d7707
980 _81
_gALBERTO SANCHEZ Responsable de Automatización